Un enigma llamado Daniel Ortega/
Đã lưu trong:
| Tác giả chính: | |
|---|---|
| Tác giả khác: | |
| Định dạng: | Sách |
| Ngôn ngữ: | Spanish |
| Các nhãn: |
Thêm thẻ
Không có thẻ, Là người đầu tiên thẻ bản ghi này!
|
MARC
| LEADER | 00000nam a22000007a 4500 | ||
|---|---|---|---|
| 003 | cru CIDCACS/IIS | ||
| 005 | 20200925161305.0 | ||
| 007 | ta | ||
| 008 | 170324e2016 ag ||||| |||| 00| 0 spa d | ||
| 040 | |c CRAI/IIS |a CRAI/IIS | ||
| 090 | |a REV0712 (262) 2016 | ||
| 100 | 1 | |9 3721 |a Miranda, Mauricio | |
| 245 | 1 | |a Un enigma llamado Daniel Ortega/ |c Mauricio Miranda, Ivania Álvarez | |
| 300 | |a páginas 15-26 | ||
| 700 | 1 | |9 3722 |a Álvarez, Ivania | |
| 773 | 0 | |0 19022 |9 513 |a Fundación Friedrich Ebert |d Fundación Friedrich Ebert; Nueva Sociedad |o R19032 |t Nueva Sociedad / | |
| 942 | |2 ddc |c PP | ||
| 999 | |c 19057 |d 19057 | ||
